អាណាចក្រ របស់កេនស៊ឹកិ / (Record no. 1633)

MARC details
000 -LEADER
fixed length control field 01802nam a22003017a 4500
001 - CONTROL NUMBER
control field 1633
003 - CONTROL NUMBER IDENTIFIER
control field FISKH
005 - DATE AND TIME OF LATEST TRANSACTION
control field 20260424162434.0
008 - FIXED-LENGTH DATA ELEMENTS--GENERAL INFORMATION
fixed length control field 230912b cb ||||| |||| 00| 0 khr d
020 ## - INTERNATIONAL STANDARD BOOK NUMBER
International Standard Book Number 9789924341697
040 ## - CATALOGING SOURCE
Original cataloging agency FISKH
Language of cataloging eng
Transcribing agency FISKH
Modifying agency FISKH
082 ## - DEWEY DECIMAL CLASSIFICATION NUMBER
Classification number 231.7
100 ## - MAIN ENTRY--PERSONAL NAME
Personal name Morpurgo, Michael
245 ## - TITLE STATEMENT
Title អាណាចក្រ របស់កេនស៊ឹកិ /
Statement of responsibility, etc. ម៉ៃឃើល ម៉រពូហ្គោ បកប្រែពីភាសាអង់គ្លេសដោយ ស៊ិន សុវណ្ណសឹកិ - រូបភាពក្របដោយ សេង វិសុទ្ធ​
260 ## - PUBLICATION, DISTRIBUTION, ETC.
Place of publication, distribution, etc. Phnom Penh :
Name of publisher, distributor, etc. Sipar,
Date of publication, distribution, etc. 2022.
300 ## - PHYSICAL DESCRIPTION
Extent 135 pages :
Other physical details illustrations ;
Dimensions 19 cm
490 ## - SERIES STATEMENT
Series statement អក្សរសិល្ប៍យុវវ័យ
505 ## - FORMATTED CONTENTS NOTE
Formatted contents note Z'<br/>
520 ## - SUMMARY, ETC.
Summary, etc. រលកបាននាំម៉ៃឃើលទៅលើកោះកណ្ដាលមហាសមុទ្រ។ គ្មានទឹក គ្មានអាហារ មានតែស្តេឡា ឆ្កែរបស់គេ ដែលនៅបានជាគ្នា។ ប៉ុន្តែ រាល់ព្រឹកមានត្រី ចេក និងទឹកសម្រាប់ផឹក ជាស្រេច។
520 ## - SUMMARY, ETC.
Summary, etc. The waves brought Michael to an island in the middle of the ocean. No water, no food, only their dog Stella can stay together. But every morning there is fish, banana and water to drink.
521 8# - TARGET AUDIENCE NOTE
Target audience note 920<br/>
Source Lexile estimate<br/>
521 8# - TARGET AUDIENCE NOTE
Target audience note Z'<br/>
Source Raz-Plus<br/>
650 ## - SUBJECT ADDED ENTRY--TOPICAL TERM
Topical term or geographic name entry element បាត់ខ្លួន
Form subdivision កោះ
General subdivision ឆ្កែ
Chronological subdivision សមុទ្រ
650 ## - SUBJECT ADDED ENTRY--TOPICAL TERM
Topical term or geographic name entry element Disappear
Form subdivision Island
General subdivision Dog
Chronological subdivision Sea
700 ## - ADDED ENTRY--PERSONAL NAME
Personal name Sovannratana, Sin
Relator term Translator
700 ## - ADDED ENTRY--PERSONAL NAME
Personal name Visoth, Seng
Relator term illustrator
942 ## - ADDED ENTRY ELEMENTS (KOHA)
Source of classification or shelving scheme Dewey Decimal Classification
Koha item type Khmer Books
Suppress in OPAC No
Holdings
Withdrawn status Lost status Source of classification or shelving scheme Damaged status Not for loan Collection Home library Current library Shelving location Date acquired Total Checkouts Full call number Barcode Date last seen Copy number Price effective from Koha item type
    Dewey Decimal Classification     Khmer Language Books / សៀវភៅភាសាខ្មែរ Footprints International School Library Network Toul Kork Campus Footprints International School Library Network Toul Kork Campus TK Campus, Room B402, Khmer Book Case 16, Shelves 112-123 / ទូរសៀវភៅខ្មែរលេខ ១៦​ ធ្នើរ ១១២ ដល់ ១២៣ បន្ទប់ B402 សាខាទួលគោក 09/12/2023   MOR 231.7 2023-0580 09/12/2023 1 09/12/2023 Khmer Books
    Dewey Decimal Classification     Khmer Language Books / សៀវភៅភាសាខ្មែរ Footprints International School Library Network Toul Kork Campus Footprints International School Library Network Toul Kork Campus TK Campus, Room B402, Khmer Book Case 16, Shelves 112-123 / ទូរសៀវភៅខ្មែរលេខ ១៦​ ធ្នើរ ១១២ ដល់ ១២៣ បន្ទប់ B402 សាខាទួលគោក 09/12/2023   MOR 231.7 2023-0581 09/12/2023 2 09/12/2023 Khmer Books
    Dewey Decimal Classification     Khmer Language Books / សៀវភៅភាសាខ្មែរ Footprints International School Library Network Toul Tom Poung Campus Footprints International School Library Network Toul Tom Poung Campus TTP Secondary Khmer Bookshelves 04/24/2026   MOR 231.7 2026-0536 04/24/2026 3 04/24/2026 Khmer Books
    Dewey Decimal Classification     Khmer Language Books / សៀវភៅភាសាខ្មែរ Footprints International School Library Network Toul Tom Poung Campus Footprints International School Library Network Toul Tom Poung Campus TTP Secondary Khmer Bookshelves 04/27/2026   MOR 231.7 2026-0537 04/27/2026 4 04/27/2026 Khmer Books